|
|
|
|
| LEADER |
00000csc a2200000 a 4500 |
| 001 |
50594 |
| 005 |
20230308213400.0 |
| 008 |
000000|1943 ||||||||r|||||||||||spa|| |
| 040 |
|
|
|b spa
|
| 041 |
1 |
|
|a eng
|
| 082 |
0 |
|
|a 923
|b R744m
|
| 100 |
1 |
|
|a Romero, José Luis
|9 55935
|
| 245 |
|
|
|a Maquiavelo historiador
|c José Luis Romero
|h imp
|
| 264 |
|
|
|a Buenos Aires
|b Nova
|c 1943
|
| 300 |
|
|
|a 135 páginas:
|b ilu
|c 20.5 cm
|
| 490 |
|
|
|a Biblioteca Histórica: Serie los Estudios Contemporaneos
|
| 650 |
1 |
|
|a Maquiavelo nicolas
|9 1544
|
| 650 |
1 |
|
|a Cuatrocientos
|9 294756
|
| 650 |
1 |
|
|a Maquiavelo su obra
|9 294757
|
| 852 |
|
|
|a UC-CDJBV
|c TERCER PISO
|f Donación
|k sergio.cajamarca
|l 1
|m General
|p 00000000
|r 2
|t 50594
|b 0
|d CDRC
|e CDRC
|g 923 R744m TERCER PISO
|z 0000-00-00
|
| 942 |
|
|
|
| 999 |
|
|
|c 125355
|d 125355
|